Instructor's manual with transparency masters for microelectronic circuits (Record no. 31190)

MARC details
000 -LEADER
fixed length control field 00390nam a2200145Ia 4500
020 ## - INTERNATIONAL STANDARD BOOK NUMBER
ISBN 0195117697
050 ## - CALL MARK
Classification number TK 7867 .S39/
245 #0 - TITLE STATEMENT
Title Instructor's manual with transparency masters for microelectronic circuits
260 ## - PUBLICATION, DISTRIBUTION, ETC. (IMPRINT)
Place of publication New York
260 ## - PUBLICATION, DISTRIBUTION, ETC. (IMPRINT)
Name of publisher Oxford university press
260 ## - PUBLICATION, DISTRIBUTION, ETC. (IMPRINT)
Year of publication 1998
942 ## - ADDED ENTRY ELEMENTS (KOHA)
Koha item type Books
Holdings
Withdrawn status Lost status Source of classification or shelving scheme Damaged status Not for loan Permanent Location Current Location Date acquired Accession Number Price effective from Koha item type
    Library of Congress Classification     NILE UNIVERSITY OF NIGERIA - MAIN LIBRARY NILE UNIVERSITY OF NIGERIA - MAIN LIBRARY 04/23/2025 0000726 04/23/2025 Books